000 003360000a22001450004500
003 MACL
040 _aMACL
090 _c31521
_d31519
100 _aRichter, Jeffrey M.
245 _aWindows 3.1: A Developer's Guide
260 _bBPB Publication
_c1994
350 _a270
650 _aComputer Programming
942 _cBOOK
_k005.446/RIC
999 _c31204
_d31204